000 00475nam a2200157Ia 4500
008 210716s2010 xx 000 0 und d
020 _a9788126507658
041 _aeng
082 _a004.65 IRVJ
100 _aIrvine, James;Harle, David.
245 _aData communications and networks: an engineering approach.
_bEngineering approach.
250 _a1
260 _aNew Delhi
_bWiley India Pvt Ltd
_c2010
300 _axx,268
650 _aCommunication Network Architecture
999 _c190368
_d190368